000 00699nam a2200229Ia 4500
003 OSt
005 20220926001121.0
006 a|||||r|||| 00| 0
007 ta
008 220923b |||||||| |||| 00| 0 eng d
037 _cGeneral Book
040 _aRTL
_cRTL
_beng
041 _2eng
_aeng
082 _aV2,31p.N55, J5.1
110 _aINDIA,LOK SABHA
_998267
245 0 _aLok sabha debates on the report of the states recrganisation commission(14th dec to 23rd dec 1955)
260 _a New Delhi
_bLok Sabha secretariat
_c1956
300 _aiv,1036p
_ccm.
700 _aINDIA,LOK SABHA
_998268
942 _hV2,31p.N55, J5.1
_cGB
_2CC
999 _c600561
_d600561